000 02082nam a22003491a 4500
001 ebr10080881
003 CaPaEBR
006 m u
007 cr cn|||||||||
008 020408s2001 enk sb 001 0 eng
010 _z 2002277966
015 _aGBA2-02305
020 _z076197198X
020 _z0761971998 (PBK)
040 _aCaPaEBR
_cCaPaEBR
035 _a(OCoLC)70736841
050 1 4 _aHV238
_b.W456 2001eb
082 0 4 _a361.6/094
_221
245 0 0 _aWelfare states under pressure
_h[electronic resource] /
_cedited by Peter Taylor-Gooby.
260 _aLondon ;
_aThousand Oaks, Calif. :
_bSAGE,
_c2001.
300 _ax, 208 p.
504 _aIncludes bibliographical references (p. 189-203) and index.
505 8 _aMachine generated contents note: List of Figures and Tables vi -- Notes on the Contributors vii -- Preface ix -- 1 The Politics of Welfare in Europe -- Peter Taylor-Gooby 1 -- 2 Earning Welfare Citizenship: Welfare State Reform -- in Finland and Sweden -- Virpi Timonen 29 -- 3 Reshaping the Social Policy-Making Framework in France -- Bruno Palier 52 -- 4 Stumbling towards Reform: The German Welfare State -- in the 1990s -- Frank Blnker and Hellmut Wollmann 75 -- 5 Spain, a Via Media of Welfare Development -- Luis Moreno 100 -- 6 Switzerland: Stubborn Institutions in a Changing Society -- Giuliano Bonoli 123 -- 7 Welfare Reform in the UK: the Construction of a Liberal -- Consensus -- Peter Taylor-Gooby 147 -- 8 Polity, Policy-Making and Welfare Futures -- Peter Taylor-Gooby 171 -- Bibliography 189 -- Index 204.
533 _aElectronic reproduction.
_bPalo Alto, Calif. :
_cebrary,
_d2013.
_nAvailable via World Wide Web.
_nAccess may be limited to ebrary affiliated libraries.
650 0 _aPublic welfare
_zEurope.
650 0 _aWelfare state.
651 0 _aEurope
_xSocial policy.
655 7 _aElectronic books.
_2local
700 1 _aTaylor-Gooby, Peter.
710 2 _aebrary, Inc.
856 4 0 _uhttp://site.ebrary.com/lib/rucke/Doc?id=10080881
_zAn electronic book accessible through the World Wide Web; click to view
999 _c55531
_d55531